| 000 | 01151nam a2200205 i 4500 | ||
|---|---|---|---|
| 001 | 152842 | ||
| 003 | ES-MaACL | ||
| 005 | 20230906204907.0 | ||
| 008 | 931025s1879 sp |||| | spa d | ||
| 080 | _a656.2(460) | ||
| 100 | 1 |
_aBull y West, Diego. _932506 |
|
| 245 | 1 | 0 |
_aInstancia que Don Diego Bull y West, ingeniero y director gerente del ferrocarril del Buitron a la Ría de S. Juan del Puerto, dirige a los gobernadores civiles de Huelva y Badajoz : _bexponiendo los fundamentos que existen para que dichas autoridades... emitan su dictamen, oponiéndose a la concesión del ferrocarril de Zafra a Huelva que pretende Don Guillermo Sundheim. |
| 260 |
_aHuelva : _b[s.n.], _c[1879] ( _fImp. de la Vda. de Galvez e Hijos) |
||
| 300 |
_a[12] p. ; _c27 cm. |
||
| 530 | _aDisponible en formato digital. | ||
| 596 | _aTexto fechado en Valverde del Camino, 9 de diciembre de 1879. | ||
| 650 | 4 |
_aFerrocarriles- _zEspaña- _yS. XIX. _912762 |
|
| 852 | 4 |
_aES-MaACL _jT-327-F-10 _z- Enc. hol., falto de la enc. original _z- Enc. en un vol. facticio |
|
| 856 | 4 |
_uhttp://bdh-rd.bne.es/viewer.vm?id=0000114002&page=1 _zBiblioteca Digital Hispánica |
|
| 999 |
_c152842 _d152842 |
||